Reklama jak dělat reklamu
Salvato in:
| Autore principale: | |
|---|---|
| Altri autori: | |
| Natura: | Libro |
| Lingua: | ceco |
| Pubblicazione: |
Praha
Grada Publishing
2010
|
| Edizione: | 3. aktualiz. a dopln. vyd. |
| Serie: | Marketing
|
| Soggetti: | |
| Tags: |
Nessun Tag, puoi essere il primo ad aggiungerne!!
|
MARC
| LEADER | 00000nam a2200000 4500 | ||
|---|---|---|---|
| 001 | 0122059 | ||
| 005 | 20240313133448.6 | ||
| 020 | |a 978-80-247-3492-7 | ||
| 041 | 0 | |a cze | |
| 044 | |a CZ | ||
| 245 | 1 | 0 | |a Reklama |b jak dělat reklamu |c Jitka Vysekalová, Jiří Mikeš |
| 250 | |a 3. aktualiz. a dopln. vyd. | ||
| 264 | 1 | |a Praha |b Grada Publishing |c 2010 | |
| 300 | |a 208 s. | ||
| 490 | 1 | |a Marketing | |
| 830 | 0 | |a Marketing | |
| 610 | 2 | 0 | |a reklama |
| 610 | 2 | 0 | |a kampane reklamné |
| 610 | 2 | 0 | |a agentúry |
| 610 | 2 | 0 | |a komunikácia marketingová |
| 610 | 2 | 0 | |a internet |
| 100 | 1 | |a Vysekalová, Jitka | |
| 700 | 1 | |a Mikeš, Jiří | |